Pays par leur surnom #2 - Statistiques

Statistiques générales
  • Ce quiz a été pris 113 fois
  • Le résultat moyen est 4 sur 10
Statistiques - réponses
Surnom Pays % Correct
Le pays à la feuille d'érable Canada
95%
Le pays du soleil levant Japon
93%
L’île d'Aphrodite Chypre
52%
La forteresse des Balkans Albanie
48%
La suisse de l'Amérique Centrale Costa Rica
45%
La perle des Antilles Haïti
33%
Le pays des grands leaders Corée du Nord
21%
Le pays du couchant lointain Maroc
16%
Le pays aux mille et une collines Burundi
10%
L'enfant malade de l'Afrique Bénin
7%
Aucun quiz correspondant
Distribution des résultats
% des personnes avec chaque résultat
Percentile par nombre de réponses
Votre historique - résultats
Vous n’avez pas pris ce quiz